|
|
|
|
| LEADER |
00000cam a2200000 i 4500 |
| 001 |
1/94381 |
| 008 |
080922s1954 gre d |
| 035 |
|
|
|l 10100361
|
| 040 |
|
|
|a GR-MY-UA
|b gre
|e aacr
|
| 041 |
0 |
|
|a gre
|
| 082 |
0 |
|
|a ΑΚΑ 889.1
|2 (22)
|
| 100 |
1 |
|
|a Ζερβός, Γιάννης Κλ.
|
| 245 |
1 |
0 |
|a Ανάβαθμοι /
|c Γιάννης Κλ. Ζερβός
|
| 260 |
|
|
|a Αθήνα :
|b χ.ο.,
|c 1954
|
| 300 |
|
|
|a 48 εκ.;
|c 22 εκ.
|
| 650 |
0 |
0 |
|a Poetry.
|
| 650 |
0 |
0 |
|a Greek poetry, Modern
|y 19th century.
|
| 852 |
|
|
|a INST
|b RHODES
|c AKA
|e 20080922
|h 889.1 ΖΕΡ
|p 005400028380
|q 005400028380
|t BK
|y 0
|
| 901 |
|
|
|a BIBL4-2008-3
|
| 909 |
|
|
|a Ρ
|b 153301
|
| 970 |
|
|
|a ΜΙΣΣΟΣ
|b ΣΤΑΥΡΟΣ
|z 2008/09/22
|